000 00693nam a2200289Ia 4500
005 20260324131544.0
008 008 260324s9999 xx 000 0 eng d
020 _a9781315759487
037 _aEBOOK
040 _aCRL
040 _beng
040 _cCRL
041 _2eng
041 _aeng
084 _qCRL
100 _aHiroko Cockerill
_91185947
245 0 _aStyle and Narrative in Translations
245 4 _bThe Contribution of Futabatei Shimei
260 _bTaylor and Francis
260 _c2006
365 _a
365 _b230
856 _uhttp://www.taylorfrancis.com/books/9781315759487
942 _cEBOOK
999 _c1783227
_d1783227